000 00622cam a22002171 4500
001 sa 66003856
003 DLC
005 20260227112239.0
008 750508s1965 ii 000 0 eng
010 _asa 66003856
035 _a(OCoLC)1318995
040 _aDLC
_cVtU
_dNSyU
_dDLC
042 _apremarc
050 0 0 _aHD8686.5
_b.M4
100 1 _aMehrotra, S. N.
245 1 0 _aLabour problems in India,
_cby S. N. Mehrotra. Foreword by S. D. Punekar.
260 _aDelhi,
_bS. Chand
_c[1965]
300 _axv, 564 p.
_c23 cm.
504 _aBibliography : p. [559]-564.
650 0 _aLabor and laboring classes
_zIndia.
999 _c69138
_d69138